BIBLIOTECA PODER JUDICIAL
Portal Judicial TDF

Balance, consolidación y desafíos sobre el embrión no implantado en los primeros 10 años del Código Civil y Comercial de la Nación / (Registro nro. 5847)

000 -LEADER
fixed length control field 01205nab a22002177a 4500
003 - CONTROL NUMBER IDENTIFIER
control field OSt
005 - DATE AND TIME OF LATEST TRANSACTION
control field 20260108210852.0
008 - FIXED-LENGTH DATA ELEMENTS--GENERAL INFORMATION
fixed length control field 190514b xxu||||| |||| 00| 0 spa d
040 ## - CATALOGING SOURCE
Transcribing agency PJ
100 ## - MAIN ENTRY--PERSONAL NAME
9 (RLIN) 971
Personal name Herrera, Marisa
245 10 - TITLE STATEMENT
Title Balance, consolidación y desafíos sobre el embrión no implantado en los primeros 10 años del Código Civil y Comercial de la Nación /
Statement of responsibility, etc Marisa Herrera.
300 ## - PHYSICAL DESCRIPTION
Extent p. 5-24
505 ## - FORMATTED CONTENTS NOTE
Formatted contents note Sumario: I. Introducción.— II. Fundamentos elocuentes: el embrión no implantado no es persona.— III. Cese de la criopreservación de embriones.— IV. La mirada de la Corte Federal.— V. Vientos provenientes desde la legislación proyectada.— VI. Un entrecruzamiento novedoso: embrión in vitro y derecho penal.— VII. Breves palabras de cierre.
505 ## - FORMATTED CONTENTS NOTE
Title Si te interesa el texto, comunicate a koha@justierradelfuego.gov.ar
650 #0 - SUBJECT ADDED ENTRY--TOPICAL TERM
9 (RLIN) 1497
Topical term or geographic name as entry element CODIGO CIVIL Y COMERCIAL
650 #0 - SUBJECT ADDED ENTRY--TOPICAL TERM
9 (RLIN) 967
Topical term or geographic name as entry element DERECHO DE FAMILIA
650 #0 - SUBJECT ADDED ENTRY--TOPICAL TERM
9 (RLIN) 4292
Topical term or geographic name as entry element TÉCNICAS DE REPRODUCCIÓN HUMANA ASISTIDA
650 #0 - SUBJECT ADDED ENTRY--TOPICAL TERM
9 (RLIN) 6744
Topical term or geographic name as entry element CRIOPRESERVACIÓN DE EMBRIONES
773 0# - HOST ITEM ENTRY
Host Biblionumber 2844
Host Itemnumber 3222
Place, publisher, and date of publication Buenos Aires : AbeledoPerrot, 1989-
Title Derecho de familia. N° 120 - Julio 2025
International Standard Book Number 18511201
942 ## - ADDED ENTRY ELEMENTS (KOHA)
Source of classification or shelving scheme
Koha item type Analítica Artículo de Revista

No hay ítems disponibles.

12 de Octubre 789 Ushuaia - Tel:  54(02901)441571
Horario de Atención: 8.00 a 17.00 hs. 
bibliotecaush@justierradelfuego.gov.ar
koha@justierradelfuego.gov.ar
Seguinos en nuestras redes @bibliojustdf 

Con tecnología Koha